000 00796nam a22002177a 4500
003 OSt
005 20160913114045.0
008 160322b xxu||||| |||| 00| 0 eng d
020 _a978-0-13-171508
040 _cLIC
082 _22010
_aDC 370.1170973
_bC38
100 _94131
_aChartock, Roselle Kline
245 _aStrategies and lessons for culturally responsive teaching :
_ba primer for K-12 teachers /
_cRoselle Kline Chartock.
260 _aBoston :
_bPearson,
_cc2010.
300 _axvi, 224 pages :
_billustrations ;
_c28 cm.
365 _b3,738.90
_cPhp
500 _aIncludes bibliographical references and index.
650 0 _94133
_aMulticultural education
_xCurricula
_zUnited States
650 0 _94134
_aCultural pluralism
_xStudy and teaching
_zUnited States
942 _2ddc
_cDC
999 _c1377
_d1377